Law of basic democracies (Record no. 84506)

MARC details
000 -LEADER
fixed length control field 00896cam a2200229 4500
001 - CONTROL NUMBER
control field sa 68012390
003 - CONTROL NUMBER IDENTIFIER
control field DLC
005 - DATE AND TIME OF LATEST TRANSACTION
control field 20260227112610.0
008 - FIXED-LENGTH DATA ELEMENTS--GENERAL INFORMATION
fixed length control field 691010s1967 ii k 000 0 eng
010 ## - LIBRARY OF CONGRESS CONTROL NUMBER
LC control number sa 68012390
025 ## - OVERSEAS ACQUISITION NUMBER
Overseas acquisition number PL480:P-E-1225
040 ## - CATALOGING SOURCE
Original cataloging agency DLC
Transcribing agency DLC
Modifying agency DLC
050 00 - LIBRARY OF CONGRESS CALL NUMBER
Classification number KPL2300.A311959
Item number A4 1967
082 00 - DEWEY DECIMAL CLASSIFICATION NUMBER
Classification number 340
110 1# - MAIN ENTRY--CORPORATE NAME
Corporate name or jurisdiction name as entry element West Pakistan.
Form subheading Laws, statutes, etc.
245 10 - TITLE STATEMENT
Title Law of basic democracies
Remainder of title (Basic democracies order, 1959 and rules framed thereunder).
Statement of responsibility, etc. Corrected up to 31st March, 1967.
260 ## - PUBLICATION, DISTRIBUTION, ETC.
Place of publication, distribution, etc. Lahore,
Name of publisher, distributor, etc. Printed by the Superintendent, Govt. Print., West Pakistan,
Date of publication, distribution, etc. 1967.
300 ## - PHYSICAL DESCRIPTION
Extent viii, 378 p.
Other physical details forms.
Dimensions 27 cm.
350 ## - PRICE (NR) (BK AM CF MU VM SE) [OBSOLETE]
Price 8.75
500 ## - GENERAL NOTE
General note At head of title: Govt. of West Pakistan. Basic Democracies, Social Welfare and Local Government Dept.
710 1# - ADDED ENTRY--CORPORATE NAME
Corporate name or jurisdiction name as entry element West Pakistan.
Subordinate unit Basic Democracies, Social Welfare and Local Government Department.

No items available.

Powered by Koha